01207nam a2200325 a 4500001001200000003000800012006001900020007001500039008004100054010001700095020003500112020001800147040002100165035002100186050002800207082001600235100002300251245006400274246002100338250001200359260005300371300001100424500007300435533015200508650002100660650002800681655002900709710001700738856012600755ebr10323634CaPaEBRm u cr cn|||||||||010222s2002 nyu s 000 0 eng d z 2001027316 z1559362014 (pbk. : alk. paper) z9781559366243 aCaPaEBRcCaPaEBR a(OCoLC)64681828814aPS3566.A736bT66 2002eb04a812/.542211 aParks, Suzan-Lori.10aTopdog/underdogh[electronic resource] /cSuzan-Lori Parks.3 aTop dog/underdog a1st ed. aNew York :bTheatre Communications Group,c2002. a110 p. a"Underdog" in the title appears reversed and upside down on the t.p. aElectronic reproduction.bPalo Alto, Calif. :cebrary,d2013.nAvailable via World Wide Web.nAccess may be limited to ebrary affiliated libraries. 0aBrothersvDrama. 0aSibling rivalryvDrama. 7aElectronic books.2local2 aebrary, Inc.40uhttp://site.ebrary.com/lib/rucke/Doc?id=10323634zAn electronic book accessible through the World Wide Web; click to view